Statistiques concernant Les joueurs de foot les plus humbles

Cliquez ici pour prendre le quiz!

Statistiques générales

  • Ce quiz a été pris 117 fois
  • Le résultat moyen est 2 sur 10

Statistiques - réponses

postejoueur% Correct
MilieuKanté
74%
MilieuIniesta
28%
AttaquantMané
19%
AttaquantSon
18%
MilieuModric
16%
DéfenseurVan Dijk
6%
DéfenseurKoulibaly
3%
GardienAhamada
1%
DéfenseurKjaer
0%
AttaquantRashford
0%

Distribution des résultats

Percentile par nombre de réponses

% des personnes avec chaque résultat

Votre développement - résultats

Vous n’avez pas pris ce quiz